banner koha

Taxonomia de Machaerium incorruptibile (Vell.) Benth. e espécies afins (Leguminosae - Papilionoideae) na Mata Atlântica (Registro n. 328280)

MARC details
000 -LÍDER
fixed length control field 02186nab a2200277 i 4500
003 - CÓDIGO MARC DA AGÊNCIA CATALOGADORA
Campo de controle BR-BrBNA
005 - DATA E HORA DA ÚLTIMA ATUALIZAÇÃO
Campo de controle 20241024202540.0
008 - CAMPO DE TAMANHO FIXO
fixed length control field 241024b2007 bl.qr|pooa||| 00| 0 por |
040 ## - FONTE DA CATALOGAÇÃO
Agência catalogadora BR-BrBNA
Idioma da catalogação por
072 ## - CATEGORIA AGRIS
Código AGRIS F70
100 ## - ENTRADA PRINCIPAL - NOME PESSOAL
Nome pessoal Ribeiro, Robson Daumas
100 ## - ENTRADA PRINCIPAL - NOME PESSOAL
Nome pessoal Lima, Haroldo Cavalcante de
245 ## - TÍTULO PRINCIPAL
Título principal Taxonomia de Machaerium incorruptibile (Vell.) Benth. e espécies afins (Leguminosae - Papilionoideae) na Mata Atlântica
500 ## - NOTA GERAL
Nota geral Publicação on-line; 24 ref.; 6 illus.; 5 illus.; Summaries (En, Pt)
942 ## - ADDED ENTRY ELEMENTS (KOHA)
Koha item type Analítica
520 ## - NOTA DE RESUMO
Nota de conteúdo <br/><br/>Resumo<br/><br/>(Taxonomia de Machaerium incorruptibile (Vell.) Benth. e espécies afins (Leguminosae - Papilionoideae) na<br/>Mata Atlântica) As espécies M. incorruptibile, M. fluminense, M. fulvovenosum, M. firmum e M. legale são<br/>descritas e ilustradas. Os caracteres taxonômicos mais relevantes para a delimitação específica, bem como<br/>habitat e distribuição geográfica são discutidos. São também apresentados novos dados sobre o hábito e as<br/>características da flor de M. fluminense.<br/><br/>Palavras-chave: Taxonomia, morfologia, Leguminosae, Machaerium, mata atlântica.
520 ## - NOTA DE RESUMO
Nota de conteúdo <br/><br/>Abstract<br/><br/>(Taxonomy of Machaerium incorruptibile (Vell.) Benth. and allied species (Leguminosae - Papilionoideae) in<br/>the Atlantic Forest) The species M. incorruptibile, M. fluminense, M. fulvovenosum, M. firmum and M.<br/>legale are described and illustrated. The most relevant characters for species delimitation as well as the<br/>preferred habitat and the geographic distribuition are discussed. New data concerning the habit and floral<br/>traits of M. fluminense are also presented.<br/><br/>Key words: Taxonomy, morphology, Leguminosae, Machaerium,atlantic forest.
650 ## - ASSUNTO - THESAGRO
Cabeçalho tópico ou nome geográfico TAXONOMIA
650 ## - ASSUNTO - THESAGRO
Cabeçalho tópico ou nome geográfico MORFOLOGIA VEGETAL
650 ## - ASSUNTO - THESAGRO
Cabeçalho tópico ou nome geográfico LEGUMINOSAE
650 ## - ASSUNTO - THESAGRO
Cabeçalho tópico ou nome geográfico MADEIRA NOVA
650 ## - ASSUNTO - THESAGRO
Cabeçalho tópico ou nome geográfico MATA ATLÂNTICA
773 0# - ENTRADA ANALÍTICA
Host Biblionumber 709
Registro do item 345670
Imprenta Rio de Janeiro-RJ Jardim Botanico do Rio de Janeiro 1935
Outro identificador 2024-6302
Título Rodriguésia (Brazil)
ISSN 0370-6583; 2175-7860 on-line
Colação v. 58(1) p. 017-025; (2007)
Número de controle de registro BR2024003205
856 ## - ACESSO E ENDEREÇO ELETRÔNICO
Identificador uniforme de recurso - URI https://www.scielo.br/j/rod/a/zC43KhKH9pBzncNJgrtLZKD/?format=pdf&lang=pt

Nenhum exemplar disponível.

BINAGRI

Telefone: (61)3218-2567/2388/3357/2097 - binagri@agro.gov.br

Ministério da Agricultura e Pecuária , Esplanada dos Ministérios, Bloco D, Anexo B, Brasília/DF, CEP: 70.043-900